000 00605nam a2200169 a 4500
001 000032448
005 20200930065638.0
008 110718s1944 dr 000 0 spa d
040 _aDO-SdBNP
_bspa
_cBNPHU
082 _axxx
_bL864
100 1 _aLópez Penha, Haim H.
_929198
245 1 0 _aBrevario de luz y amor :
_bDoce años de acción cultural /
_cHaim H. López ; prólogo Segundo Serrano Poncella.
260 _aSantiago de los Caballeros , República Dominicana :
_bLa información,
_c[1944?].
300 _a143 p. ;
_c24 cm.
700 1 _aSerrano Poncella, Segundo,
_epról.
_958407
049 _aBNPHU
999 _c31939
_d31939